Statistics for Total Drama ALL Elimination Order

Click here to take the quiz!

General Stats

  • This quiz has been taken 42 times
  • The average score is 109 of 146

Answer Stats

HintAnswer% Correct
4thDuncan
100%
2ndGwen
100%
3rdHeather
100%
1stOwen
100%
2ndAlejandro
96%
1stBeth
96%
10thBridgette
96%
3rdCody
96%
6th/7thCourtney
96%
8thDJ
96%
5thDuncan
96%
2ndDuncan
96%
22ndEzekiel
96%
6thGeoff
96%
1stHeather
96%
7thIzzy
96%
20thJustin
96%
19thKatie
96%
5thLeshawna
96%
9thLindsay
96%
21stNoah
96%
4thSierra
96%
18thTyler
96%
16thBeth
92%
6th/7thBlaineley
92%
16thBridgette
92%
14th/15thBridgette
92%
1stCameron
92%
17thCody
92%
14thCourtney
92%
4thCourtney
92%
11thDJ
92%
12thDJ
92%
12thEva
92%
18thEzekiel
92%
14th/15thGeoff
92%
9thGwen
92%
12thGwen
92%
13thHarold
92%
5thHarold
92%
17thHarold
92%
9thHeather
92%
10thIzzy
92%
13thIzzy
92%
7thJustin
92%
8thLeshawna
92%
15thLeshawna
92%
6thLindsay
92%
14thLindsay
92%
11thNoah
92%
3rdOwen
92%
8thOwen
92%
15thSadie
92%
11thTrent
92%
13thTrent
92%
10thTyler
92%
12thB
88%
9thBrick
88%
7thDakotazoid
88%
11thDawn
88%
5thJo
88%
2ndLightning
88%
6thMike
88%
10thSam
88%
4thScott
88%
3rdZoey
88%
6thAlejandro
83%
8thAnne Maria
83%
5thCourtney
83%
8thDuncan
83%
4thGwen
83%
10thHeather
83%
12thJo
83%
13thLightning
83%
14thLindsay
83%
1stMike
83%
11thSam
83%
3rdScott
83%
1stShawn
83%
9thSierra
83%
2ndSky
83%
13thStaci
83%
3rdSugar
83%
2ndZoey
83%
12thAmy
79%
7thCameron
79%
7thDave
79%
4thJasmine
79%
5thMax
79%
14thBeardo
75%
9thElla
75%
13thLeonard
75%
11thRodney
75%
10thSamey
75%
6thScarlett
75%
8thTopher
75%
13thScary Girl
63%
16thScary Girl
63%
15thAxel
58%
2ndBowie
58%
16thCaleb
58%
15thChase
58%
6thChase
58%
12thDamien
58%
13thEmma
58%
5thEmma
58%
4thJulia
58%
3rdMillie
58%
14thNichelle
58%
1stPriya
58%
9th/10thRaj
58%
8thRipper
58%
9th/10thWayne
58%
11thBowie
54%
2nd/3rdCaleb
54%
6thDamien
54%
2nd/3rdJulia
54%
14thMillie
54%
7thMK
54%
11thMK
54%
12thNichelle
54%
4thPriya
54%
5thRaj
54%
1stWayne
54%
7thZee
54%
8thZee
54%
10thAxel
50%
9thRipper
50%
1stPolice Cadets
46%
5thBest Friends
38%
9thFather & Son
38%
7thGoths
38%
3rdIce Dancers
38%
11thStepbrothers
38%
6thDaters
33%
8thReality TV Pros
33%
10thRockers
33%
4thSisters
33%
2ndSurfer Dudes
33%
17thTennis Rivals
33%
15thVegans
33%
12thAdversity Twins
29%
16thGeniuses
29%
14thFashion Bloggers
25%
18thLARPers
25%
13thMom & Daughter
21%

Score Distribution

Percentile by Number Answered

Percent of People with Each Score

Your Score History

You have not taken this quiz